000 00362nam a2200145Ia 4500
008 210210b1991 xxu||||| |||| 00| 0 eng d
082 _a423.1 SEAC
100 _aSEATON (Anee) & others.
245 _aChambers theasurus.
260 _aMadras
_bAllied Publishers
_c1991
300 _a750
650 _aChambers Thesaurus
690 _aThesaurus
906 _a046603
999 _c95928
_d95928